MARC

Tag First Indicator Second Indicator Subfields
LEADER 00000cam a22000004a 4500
001 in00003369621
005 20190405190214.0
006 m d
007 cr |||||||nn|n
008 101116s2011 mdu o d eng d
010 |z  2010046799 
020 |a 9781421400891 
020 |a 1421400898 
020 |z 9781421400358 (hardcover : alk. paper) 
020 |z 9781421400365 (pbk. : alk. paper) 
020 |z 1421400359 (hardcover : alk. paper) 
020 |z 1421400367 (pbk. : alk. paper) 
035 |a (MdBmJHUP)muse9781421400891 
040 |a MdBmJHUP  |c MdBmJHUP  |d UtOrBLW 
043 |a n-us-md  |a n-us-va  |a n-usu-- 
050 0 0 |a E445.M3  |b S45 2011 
082 0 0 |a 975.5/1803  |2 22 
100 1 |a Schermerhorn, Calvin,  |d 1975- 
245 1 0 |a Money over mastery, family over freedom :  |b slavery in the antebellum upper South /  |c Calvin Schermerhorn. 
264 1 |a Baltimore :  |b Johns Hopkins University Press,  |c 2011. 
300 |a 1 online resource (viii, 286 pages :) :  |b maps 
336 |a text  |b txt  |2 rdacontent 
337 |a computer  |b c  |2 rdamedia 
338 |a online resource  |b cr  |2 rdacarrier 
490 1 |a Studies in early American economy and society from the Library Company of Philadelphia 
504 |a Includes bibliographical references and index. 
588 |a Description based on print version record. 
500 |a Electronic resource. 
650 0 |a Plantation life  |z Chesapeake Bay Region (Md. and Va.)  |x History  |y 19th century. 
650 0 |a African American families  |z Chesapeake Bay Region (Md. and Va.)  |x Social conditions  |y 19th century. 
650 0 |a Slave trade  |z Southern States  |x History  |y 19th century. 
650 0 |a Slave trade  |z Chesapeake Bay Region (Md. and Va.)  |x History  |y 19th century. 
650 0 |a Slaves  |x Family relationships  |z Chesapeake Bay Region (Md. and Va.)  |x History  |y 19th century. 
650 0 |a Slavery  |x Economic aspects  |z Chesapeake Bay Region (Md. and Va.)  |x History  |y 19th century. 
650 0 |a Slavery  |z Chesapeake Bay Region (Md. and Va.)  |x History  |y 19th century. 
655 7 |a Electronic books.  |2 local 
830 0 |a Studies in early American economy and society from the Library Company of Philadelphia. 
856 4 0 |u http://proxy.library.tamu.edu/login?url=http://muse.jhu.edu/books/9781421400891/  |z Connect to the full text of this electronic book  |t 0 
999 |a MARS 
999 f f |s 8d696f9f-d41c-3c6e-b692-f3f11215cf09  |i 34d006d3-e511-39b2-afad-72b5210e8bfa  |t 0 
952 f f |a Texas A&M University  |b College Station  |c Electronic Resources  |d Available Online  |t 0  |e E445.M3 S45 2011  |h Library of Congress classification 
998 f f |a E445.M3 S45 2011  |t 0  |l Available Online